Educadores chilenos de ayer y de hoy (Record no. 14785)

MARC details
000 -LEADER
campo de control de longitud fija 00925nam a2200253 i 4500
001 - NÚMERO DE CONTROL
campo de control 14785
003 - IDENTIFICADOR DE NÚMERO DE CONTROL
campo de control ES-MaACL
005 - FECHA Y HORA DE LA ÚLTIMA TRANSACCIÓN
campo de control 20250814234931.0
007 - CAMPO FIJO DE DESCRIPCIÓN FÍSICA--INFORMACIÓN GENERAL
campo de control de longitud fija t|
008 - DATOS DE LONGITUD FIJA--INFORMACIÓN GENERAL
campo de control de longitud fija 990603n1970 cl ||||1| spa d
080 ## - NÚMERO DE LA CLASIFICACIÓN DECIMAL UNIVERSAL
Número de la Clasificación Decimal Universal 37 Nuñez, José Abelardo
080 ## - NÚMERO DE LA CLASIFICACIÓN DECIMAL UNIVERSAL
Número de la Clasificación Decimal Universal 37 Labarca, Amanda
100 1# - ENTRADA PRINCIPAL--NOMBRE DE PERSONA
Nombre de persona Munizaga Aguirre, Roberto.
9 (RLIN) 84206
245 10 - MENCIÓN DEL TÍTULO
Título Educadores chilenos de ayer y de hoy
Resto del título : José Abelardo Núñez, Amanda Labarca /
Mención de responsabilidad, etc. por Roberto Munizaga Aguirre.
260 ## - PUBLICACIÓN, DISTRIBUCIÓN, ETC.
Lugar de publicación, distribución, etc. [S.l.] :
Nombre del editor, distribuidor, etc. Academia Chilena de Ciencias Sociales,
Fecha de publicación, distribución, etc. [197-?]
300 ## - DESCRIPCIÓN FÍSICA
Extensión 100 p. ;
Dimensiones 18 cm.
490 1# - MENCIÓN DE SERIE
Mención de serie Educadores de ayer y de hoy ;
Designación de volumen o secuencia 5
600 14 - PUNTO DE ACCESO ADICIONAL DE MATERIA--NOMBRE DE PERSONA
Nombre de persona Núñez, José Abelardo.
9 (RLIN) 86158
600 14 - PUNTO DE ACCESO ADICIONAL DE MATERIA--NOMBRE DE PERSONA
Nombre de persona Labarca, Amanda.
9 (RLIN) 69208
710 2# - ENTRADA AGREGADA--NOMBRE DE ENTIDAD CORPORATIVA
Nombre de entidad corporativa o nombre de jurisdicción como elemento de entrada Academia Chilena de Ciencias Sociales, Políticas y Morales
9 (RLIN) 1153
830 0# - PUNTO DE ACCESO ADICIONAL DE SERIE-TÍTULO UNIFORME
Título uniforme Educadores de ayer y de hoy ;
Designación de volumen o secuencia 5
9 (RLIN) 228537
852 ## - LOCALIZACIÓN
Ubicación ES-MaACL
Número de control de estantería L-21995
Sublocalización o colección R.115532
Holdings
Estatus retirado Estado de pérdida Estado de daño No para préstamo Biblioteca de origen Biblioteca actual Ubicación en estantería Fecha de adquisición Fuente de adquisición Total de préstamos Signatura topográfica completa Código de barras Visto por última vez Precio de reemplazo Tipo de ítem Koha
        Biblioteca del Ateneo de Madrid Biblioteca del Ateneo de Madrid Depósito 2 17/01/2008     L-21995 1015035 23/02/2023 23/02/2023 Libro impreso